LEADER 02331nam 2200565 a 450 001 9910781184603321 005 20200520144314.0 010 $a981-4312-27-4 035 $a(CKB)2550000000010602 035 $a(EBL)798415 035 $a(OCoLC)804664077 035 $a(SSID)ssj0000426836 035 $a(PQKBManifestationID)12182236 035 $a(PQKBTitleCode)TC0000426836 035 $a(PQKBWorkID)10389337 035 $a(PQKB)10310845 035 $a(MiAaPQ)EBC798415 035 $a(Au-PeEL)EBL798415 035 $a(CaPaEBR)ebr10424379 035 $a(PPN)187266352 035 $a(EXLCZ)992550000000010602 100 $a20101201d2010 uy 0 101 0 $aeng 135 $aur|n|---||||| 181 $ctxt 182 $cc 183 $acr 200 10$aRed wired$b[electronic resource] $eChina's internet revolution /$fSherman So & J. Christopher Westland 210 $aLondon $cMarshall Cavendish Business$d2010 215 $a1 online resource (434 p.) 300 $aIncludes index. 311 $a0-462-09967-9 327 $aCover; Title; Copyright; Contents; Acknowledgments; Preface; The state of the revolution; 1 News 24/7: Sina's story; 2 Being there with Ctrip; 3 Traffic alert: Baidu; 4 Google's China odyssey; 5 Alibaba: The electric souq; 6 Taobao: A market for the rest of us; 7 Tencent: I seek you; 8 Shanda: Pay now, enjoy later; 9 Shanda: Freebirds reign; 10 The mobile internet revolution; 11 Youku: Waltzing with the State; 12 The expats; What have we learned?; Internet development: China's conundrum; China's internet and the new regionalism.; Appendix: Chinese internet in figures; Index 330 $aA fasinating inside look at how China has adopted the Internet at rapid pace, and the effects it wil have on business and society 606 $aInformation technology$zChina 606 $aInternet$zChina 606 $aCommunication$xTechnological innovations$zChina 615 0$aInformation technology 615 0$aInternet 615 0$aCommunication$xTechnological innovations 676 $a303.4830951 700 $aSo$b Sherman$01510114 701 $aWestland$b J. Christopher$0721022 801 0$bMiAaPQ 801 1$bMiAaPQ 801 2$bMiAaPQ 906 $aBOOK 912 $a9910781184603321 996 $aRed wired$93742421 997 $aUNINA LEADER 03404nam 22006015 450 001 9910254070703321 005 20251116170913.0 010 $a3-319-48384-6 024 7 $a10.1007/978-3-319-48384-9 035 $a(CKB)3710000001006488 035 $a(DE-He213)978-3-319-48384-9 035 $a(MiAaPQ)EBC6315123 035 $a(MiAaPQ)EBC5577498 035 $a(Au-PeEL)EBL5577498 035 $a(OCoLC)1066197652 035 $a(PPN)197140874 035 $a(EXLCZ)993710000001006488 100 $a20161125d2016 u| 0 101 0 $aeng 135 $aurnn|008mamaa 181 $ctxt$2rdacontent 182 $cc$2rdamedia 183 $acr$2rdacarrier 200 10$aInverse Problems $eBasics, Theory and Applications in Geophysics /$fby Mathias Richter 205 $a1st ed. 2016. 210 1$aCham :$cSpringer International Publishing :$cImprint: Birkhäuser,$d2016. 215 $a1 online resource (XII, 240 p. 52 illus., 32 illus. in color.) 225 1 $aLecture Notes in Geosystems Mathematics and Computing,$x2730-5996 311 08$a3-319-48383-8 327 $a1.Characterization of Inverse Problems -- 2.Discretization of Inverse Problems -- 3.Regularization of Linear Inverse Problems -- 4.Regularization of Nonlinear Inverse Problems -- Appendix: A.Results from Linear Algebra -- B.Function Spaces -- C.The Fourier Transform -- D.Proofs of Theorems from Chapter 3. 330 $aThe overall goal of the book is to provide access to the regularized solution of inverse problems relevant in geophysics without requiring more mathematical knowledge than is taught in undergraduate math courses for scientists and engineers. From abstract analysis only the concept of functions as vectors is needed. Function spaces are introduced informally in the course of the text, when needed. Additionally, a more detailed, but still condensed introduction is given in Appendix B. A second goal is to elaborate the single steps to be taken when solving an inverse problem: discretization, regularization and practical solution of the regularized optimization problem. These steps are shown in detail for model problems from the fields of inverse gravimetry and seismic tomography. The intended audience is mathematicians, physicists and engineers having a good working knowledge of linear algebra and analysis at the upper undergraduate level. 410 0$aLecture Notes in Geosystems Mathematics and Computing,$x2730-5996 606 $aNumerical analysis 606 $aPhysics 606 $aGeophysics 606 $aNumerical Analysis$3https://scigraph.springernature.com/ontologies/product-market-codes/M14050 606 $aNumerical and Computational Physics, Simulation$3https://scigraph.springernature.com/ontologies/product-market-codes/P19021 606 $aGeophysics/Geodesy$3https://scigraph.springernature.com/ontologies/product-market-codes/G18009 615 0$aNumerical analysis. 615 0$aPhysics. 615 0$aGeophysics. 615 14$aNumerical Analysis. 615 24$aNumerical and Computational Physics, Simulation. 615 24$aGeophysics/Geodesy. 676 $a515.357 700 $aRichter$b Mathias$4aut$4http://id.loc.gov/vocabulary/relators/aut$0755956 801 0$bMiAaPQ 801 1$bMiAaPQ 801 2$bMiAaPQ 906 $aBOOK 912 $a9910254070703321 996 $aInverse problems$91523415 997 $aUNINA